000 00394nam a2200145Ia 4500
008 230411s9999 xx 000 0 und d
020 _a81-8061-446-8
041 _aeng
082 _aE/616.2/TUL/TUL/B02171
100 _aTuli BS & Tuli Isha
_9177248
245 _aTextbook of Ear Nose and Throat
260 _bJaypee Brothers
_aNew Delhi
_c2005
300 _a584p
999 _c153395
_d153395